Crime in developing countries: (Record no. 3877)

MARC details
000 -LEADER
fixed length control field 00877cam a2200277 4500
001 - CONTROL NUMBER
control field 2195204
003 - CONTROL NUMBER IDENTIFIER
control field OSt
005 - DATE AND TIME OF LATEST TRANSACTION
control field 20230704144443.0
008 - FIXED-LENGTH DATA ELEMENTS--GENERAL INFORMATION
fixed length control field 730302s1973 nyu bs 001 0 eng
010 ## - LIBRARY OF CONGRESS CONTROL NUMBER
LC control number 73004031
020 ## - INTERNATIONAL STANDARD BOOK NUMBER
International Standard Book Number 0471160601
040 ## - CATALOGING SOURCE
Original cataloging agency DLC
Transcribing agency DLC
Modifying agency DLC
043 ## - GEOGRAPHIC AREA CODE
Geographic area code f-ug---
-- d------
082 00 - DEWEY DECIMAL CLASSIFICATION NUMBER
Classification number 364.9
Item number CLI
100 1# - MAIN ENTRY--PERSONAL NAME
Personal name Clinard, Marshall B.,
Dates associated with a name 1911-2010.
245 10 - TITLE STATEMENT
Title Crime in developing countries:
Remainder of title a comparative perspective
Statement of responsibility, etc. [by] Marshall B. Clinard and Daniel J. Abbott.
260 ## - PUBLICATION, DISTRIBUTION, ETC. (IMPRINT)
Place of publication, distribution, etc. New York,
Name of publisher, distributor, etc. Wiley
Date of publication, distribution, etc. [1973]
300 ## - PHYSICAL DESCRIPTION
Extent xv, 319 p.
Dimensions 24 cm.
500 ## - GENERAL NOTE
General note "A Wiley-Interscience publication."
504 ## - BIBLIOGRAPHY, ETC. NOTE
Bibliography, etc Includes bibliographical references.
650 #0 - SUBJECT ADDED ENTRY--TOPICAL TERM
Topical term or geographic name as entry element Crime
Geographic subdivision Developing countries.
650 #0 - SUBJECT ADDED ENTRY--TOPICAL TERM
Topical term or geographic name as entry element Crime
Geographic subdivision Uganda.
700 1# - ADDED ENTRY--PERSONAL NAME
Personal name Abbott, Daniel J.,
Relator term joint author.
906 ## - LOCAL DATA ELEMENT F, LDF (RLIN)
a 7
b cbc
c orignew
d 1
e ocip
f 19
g y-gencatlg
942 ## - ADDED ENTRY ELEMENTS (KOHA)
Source of classification or shelving scheme Dewey Decimal Classification
Koha item type Books
Holdings
Withdrawn status Lost status Source of classification or shelving scheme Damaged status Not for loan Home library Current library Date acquired Total Checkouts Full call number Barcode Date last seen Price effective from Koha item type Checked out
    Dewey Decimal Classification     County Hall Archives County Hall Archives 07/04/2023   364.9 CLI 10001050 07/04/2023 07/04/2023 Books  
    Dewey Decimal Classification     County Hall Archives County Hall Archives 07/04/2023   364.9 CLI 10001437 07/04/2023 07/04/2023 Books 10/29/2021
LIBRARY OPENING HOURS

When the Parliament is sitting: 8.00a.m - 7.00p.m or until the house adjourns
Mondays and Fridays and when the House is on Recess:  8.00a.m - 5.00p.m
Closed on Weekends and Public Holidays

Online Public Access Catalog (OPAC)
Website: http://www.parliament.go.ke
Bunge Library: https://libraryir.parliament.go.ke
Contact: library@parliament.go.ke | Tel no: (254-2)2221291 or 2848000 Ext 5043